<?xml version="1.0" encoding="UTF-8"?>
<record
    xmlns:xsi="http://www.w3.org/2001/XMLSchema-instance"
    xsi:schemaLocation="http://www.loc.gov/MARC21/slim http://www.loc.gov/standards/marcxml/schema/MARC21slim.xsd"
    xmlns="http://www.loc.gov/MARC21/slim">

  <leader>00287pam a2200121a 44500</leader>
  <controlfield tag="008">230405s2022    xxu||||| |||| 00| 0 eng d</controlfield>
  <datafield tag="041" ind1=" " ind2=" ">
    <subfield code="a">ENG</subfield>
  </datafield>
  <datafield tag="100" ind1=" " ind2=" ">
    <subfield code="a">SUNIL BAKLI</subfield>
  </datafield>
  <datafield tag="245" ind1=" " ind2=" ">
    <subfield code="a">PHARMACEUTICS ( SUNIL BAKLI</subfield>
  </datafield>
  <datafield tag="260" ind1=" " ind2=" ">
    <subfield code="a">PUNE</subfield>
    <subfield code="b">NIRALI PRAKESHN</subfield>
    <subfield code="c">2022</subfield>
  </datafield>
  <datafield tag="300" ind1=" " ind2=" ">
    <subfield code="a">6.4</subfield>
  </datafield>
  <datafield tag="906" ind1=" " ind2=" ">
    <subfield code="a">2752</subfield>
  </datafield>
  <datafield tag="999" ind1=" " ind2=" ">
    <subfield code="c">268191</subfield>
    <subfield code="d">268191</subfield>
  </datafield>
  <datafield tag="952" ind1=" " ind2=" ">
    <subfield code="0">0</subfield>
    <subfield code="1">0</subfield>
    <subfield code="4">0</subfield>
    <subfield code="7">0</subfield>
    <subfield code="8">C</subfield>
    <subfield code="a">PCK</subfield>
    <subfield code="b">PCK</subfield>
    <subfield code="d">2023-04-14</subfield>
    <subfield code="e">BHARATI MADHYVARTI SAHAKARI GRAHAK BHANDAR LTD</subfield>
    <subfield code="g">250.00</subfield>
    <subfield code="l">0</subfield>
    <subfield code="p">PCK-DI-75</subfield>
    <subfield code="r">2023-04-14 00:00:00</subfield>
    <subfield code="w">2023-04-14</subfield>
    <subfield code="y">BK</subfield>
  </datafield>
  <datafield tag="952" ind1=" " ind2=" ">
    <subfield code="0">0</subfield>
    <subfield code="1">0</subfield>
    <subfield code="4">0</subfield>
    <subfield code="7">0</subfield>
    <subfield code="8">C</subfield>
    <subfield code="a">PCK</subfield>
    <subfield code="b">PCK</subfield>
    <subfield code="d">2023-04-14</subfield>
    <subfield code="e">BHARATI MADHYVARTI SAHAKARI GRAHAK BHANDAR LTD</subfield>
    <subfield code="g">250.00</subfield>
    <subfield code="l">1</subfield>
    <subfield code="p">PCK-DI-74</subfield>
    <subfield code="r">2025-06-02 00:00:00</subfield>
    <subfield code="s">2024-04-22</subfield>
    <subfield code="w">2023-04-14</subfield>
    <subfield code="y">BK</subfield>
  </datafield>
  <datafield tag="952" ind1=" " ind2=" ">
    <subfield code="0">0</subfield>
    <subfield code="1">0</subfield>
    <subfield code="4">0</subfield>
    <subfield code="7">0</subfield>
    <subfield code="8">C</subfield>
    <subfield code="a">PCK</subfield>
    <subfield code="b">PCK</subfield>
    <subfield code="d">2023-04-14</subfield>
    <subfield code="e">BHARATI MADHYVARTI SAHAKARI GRAHAK BHANDAR LTD</subfield>
    <subfield code="g">250.00</subfield>
    <subfield code="l">1</subfield>
    <subfield code="p">PCK-DI-73</subfield>
    <subfield code="r">2026-03-04 00:00:00</subfield>
    <subfield code="s">2024-01-04</subfield>
    <subfield code="w">2023-04-14</subfield>
    <subfield code="y">BK</subfield>
  </datafield>
  <datafield tag="952" ind1=" " ind2=" ">
    <subfield code="0">0</subfield>
    <subfield code="1">0</subfield>
    <subfield code="4">0</subfield>
    <subfield code="7">0</subfield>
    <subfield code="8">C</subfield>
    <subfield code="a">PCK</subfield>
    <subfield code="b">PCK</subfield>
    <subfield code="d">2023-04-14</subfield>
    <subfield code="e">BHARATI MADHYVARTI SAHAKARI GRAHAK BHANDAR LTD</subfield>
    <subfield code="g">250.00</subfield>
    <subfield code="l">2</subfield>
    <subfield code="p">PCK-DI-72</subfield>
    <subfield code="q">2026-02-25</subfield>
    <subfield code="r">2026-02-25 00:00:00</subfield>
    <subfield code="s">2026-02-25</subfield>
    <subfield code="w">2023-04-14</subfield>
    <subfield code="y">BK</subfield>
  </datafield>
</record>
